[Event "Regionalliga NW 1011"]
[Site "Bayern"]
[Date "2010.11.14"]
[Round "3.6"]
[White "Ortlauf, Erwin"]
[Black "Lechleitner, Walter"]
[Result "1/2-1/2"]
[WhiteElo "1883"]
[BlackElo "2006"]
[PlyCount "67"]
[EventDate "2010.10.10"]
[EventType "team-tourn"]
[EventRounds "9"]
[EventCountry "GER"]
[SourceTitle "EXT 2012"]
[Source "ChessBase"]
[SourceDate "2011.11.24"]
[SourceVersion "1"]
[SourceVersionDate "2011.11.24"]
[SourceQuality "1"]
[WhiteTeam "Bamberg II"]
[BlackTeam "Kronach"]
[WhiteTeamCountry "GER"]
[BlackTeamCountry "GER"]

1. d4 Nf6 2. c4 e6 3. Nc3 Bb4 4. Qc2 0-0 5. Bg5 h6 6. Bh4 c5 7. e3 d5 8. a3 Bxc3+ 9. bxc3 cxd4 10. Bxf6 Qxf6 11. cxd4 e5 12. Nf3 exd4 13. Nxd4 Nc6 14. Rd1 Nxd4 15. Rxd4 Bf5 16. Qd2 dxc4 17. Bxc4 Rac8 18. 0-0 Qg6 19. f3 b5 20. Bd3 Bxd3 21. Qxd3 Qxd3 22. Rxd3 Rfd8 23. Rfd1 Rxd3 24. Rxd3 Rc2 25. Rd8+ Kh7 26. Rd7 Ra2 27. Rxa7 b4 28. h3 bxa3 29. Kh2 Kg6 30. e4 Ra1 31. Kg3 a2 32. Ra5 Kf6 33. Rf5+ Ke6 34. Ra5 1/2-1/2

[Event "Regionalliga NW 0809"]
[Site "Bayern"]
[Date "2009.03.29"]
[Round "9.7"]
[White "Ortlauf, Erwin"]
[Black "Lichtinger, Bernd"]
[Result "1-0"]
[WhiteElo "1895"]
[BlackElo "1997"]
[PlyCount "91"]
[EventDate "2008.10.05"]
[EventType "team-tourn"]
[EventRounds "9"]
[EventCountry "GER"]
[SourceTitle "EXT 2020"]
[Source "ChessBase"]
[SourceDate "2019.10.17"]
[SourceVersion "1"]
[SourceVersionDate "2019.10.17"]
[SourceQuality "1"]
[WhiteTeam "Bamberg SC II"]
[BlackTeam "Marktleuthen"]
[WhiteTeamCountry "GER"]
[BlackTeamCountry "GER"]

1. d4 Nf6 2. c4 c5 3. d5 e6 4. Nc3 exd5 5. cxd5 d6 6. g3 g6 7. Bg2 Bg7 8. Nf3 0-0 9. 0-0 Re8 10. Nd2 a6 11. a4 Nbd7 12. h3 Rb8 13. Nc4 Qc7 14. Na3 b6 15. Kh2 Qd8 16. f4 Nf8 17. e4 Bb7 18. Bf3 h6 19. Qd3 N8d7 20. Bd2 Nh7 21. Rae1 Bc8 22. Rf2 g5 23. Rfe2 gxf4 24. gxf4 Qh4 25. Bg2 Kh8 26. Nc4 Ndf6 27. Nxd6 Ng4+ 28. Kh1 Rf8 29. Rf1 Bd4 30. Be1 Qh5 31. Nxc8 Rbxc8 32. Qf3 Ngf6 33. e5 Qxf3 34. Bxf3 Nd7 35. Bg4 Rc7 36. Bh4 Re8 37. Ne4 Kg8 38. Nd6 Rb8 39. Bf5 Kg7 40. Rg2+ Ng5 41. fxg5 Nxe5 42. gxh6+ Kxh6 43. Bg5+ Kh5 44. Rf4 Ng6 45. Bxg6+ Kxg6 46. Bd8+ 1-0

[Event "Regionalliga NW 0809"]
[Site "Bayern"]
[Date "2009.02.01"]
[Round "6.8"]
[White "Ortlauf, Erwin"]
[Black "Elter, Thimo"]
[Result "1/2-1/2"]
[WhiteElo "1910"]
[BlackElo "1712"]
[PlyCount "111"]
[EventDate "2008.10.05"]
[EventType "team-tourn"]
[EventRounds "9"]
[EventCountry "GER"]
[SourceTitle "EXT 2020"]
[Source "ChessBase"]
[SourceDate "2019.10.17"]
[SourceVersion "1"]
[SourceVersionDate "2019.10.17"]
[SourceQuality "1"]
[WhiteTeam "Bamberg SC II"]
[BlackTeam "Obernau"]
[WhiteTeamCountry "GER"]
[BlackTeamCountry "GER"]

1. d4 f5 2. e4 fxe4 3. Nc3 Nf6 4. Bg5 g6 5. Bxf6 exf6 6. Nxe4 d5 7. Ng3 Bg7 8. Bd3 Nc6 9. c3 Bd7 10. Qb3 Bc8 11. 0-0-0 0-0 12. Re1 Qd6 13. h4 Ne7 14. h5 Kf7 15. Nf3 b6 16. Qc2 c5 17. Nh4 f5 18. hxg6+ hxg6 19. Nf3 cxd4 20. Nxd4 Bxd4 21. cxd4 Be6 22. Qe2 Rh8 23. Kb1 Rxh1 24. Rxh1 Qf4 25. Re1 Qd6 26. Ba6 Nc6 27. Qd2 Qb4 28. Qxb4 Nxb4 29. Bb5 a6 30. Bf1 Nc6 31. Ne2 b5 32. Rc1 Rc8 33. g3 g5 34. Bg2 Kf6 35. Rc5 Nb4 36. Rxc8 Bxc8 37. Nc3 Bb7 38. a3 Nd3 39. Bxd5 Bxd5 40. Nxd5+ Ke6 41. Nc7+ Kd6 42. Nxa6 Nxf2 43. Nc5 Kd5 44. Kc2 Nh1 45. g4 fxg4 46. Nd3 g3 47. Ne1 Nf2 48. b3 g4 49. a4 bxa4 50. bxa4 Kxd4 51. Kd2 Ne4+ 52. Ke2 Nc3+ 53. Kf1 Nxa4 54. Kg2 Ke4 55. Kxg3 Kf5 56. Ng2 1/2-1/2

[Event "Regionalliga NW 9899"]
[Site "Bayern"]
[Date "1999.??.??"]
[Round "9.8"]
[White "Ortlauf, Erwin"]
[Black "Faust, Martin Michael"]
[Result "1/2-1/2"]
[WhiteElo "1960"]
[BlackElo "2010"]
[PlyCount "73"]
[EventDate "1998.??.??"]
[EventType "team-tourn"]
[EventRounds "9"]
[EventCountry "GER"]
[SourceTitle "EXT 2020"]
[Source "ChessBase"]
[SourceDate "2019.10.17"]
[SourceVersion "1"]
[SourceVersionDate "2019.10.17"]
[SourceQuality "1"]
[WhiteTeam "Bamberg SC III"]
[BlackTeam "Wuerzburg II"]
[WhiteTeamCountry "GER"]
[BlackTeamCountry "GER"]

1. d4 c5 2. d5 Nf6 3. c4 d6 4. Nc3 g6 5. e4 Bg7 6. h3 0-0 7. Be3 e6 8. Nf3 exd5 9. cxd5 Re8 10. Nd2 a6 11. a4 Nxe4 12. Ndxe4 f5 13. Nxc5 f4 14. Ne6 Bxe6 15. dxe6 fxe3 16. Nd5 exf2+ 17. Kxf2 Qh4+ 18. g3 Bd4+ 19. Kg2 Qe4+ 20. Qf3 Qc2+ 21. Be2 Rxe6 22. Nf4 Rxe2+ 23. Nxe2 Nc6 24. Rhf1 Bg7 25. Rf2 Qxb2 26. Qd5+ Kh8 27. Raf1 Qd4 28. Qf7 Qe4+ 29. Kh2 Rf8 30. Qxb7 Rxf2+ 31. Rxf2 h6 32. Qxa6 Qe3 33. Kg2 Ne5 34. Nf4 Qe4+ 35. Kf1 Qb1+ 36. Kg2 Qe4+ 37. Kf1 1/2-1/2

[Event "Regionalliga NW 9900"]
[Site "Bayern"]
[Date "1999.??.??"]
[Round "2.6"]
[White "Ortlauf, Erwin"]
[Black "Herrmann, Karl Heinz"]
[Result "1/2-1/2"]
[WhiteElo "1985"]
[BlackElo "1895"]
[PlyCount "104"]
[EventDate "1999.??.??"]
[EventType "team-tourn"]
[EventRounds "9"]
[EventCountry "GER"]
[SourceTitle "EXT 2020"]
[Source "ChessBase"]
[SourceDate "2019.10.17"]
[SourceVersion "1"]
[SourceVersionDate "2019.10.17"]
[SourceQuality "1"]
[WhiteTeam "Bamberg SC III"]
[BlackTeam "Sand"]
[WhiteTeamCountry "GER"]
[BlackTeamCountry "GER"]

1. d4 e6 2. c4 d5 3. Nc3 Nf6 4. Bg5 Be7 5. e3 h6 6. Bh4 Nbd7 7. Nf3 0-0 8. Rc1 c6 9. Bd3 b6 10. 0-0 Bb7 11. Qe2 dxc4 12. Bxc4 Nh5 13. Bxe7 Qxe7 14. e4 Nhf6 15. Qe3 Rfd8 16. Qf4 Rac8 17. Rfe1 Nf8 18. h3 Ng6 19. Qe3 c5 20. Bb3 cxd4 21. Nxd4 Qb4 22. Rcd1 Ne5 23. Nc2 Qe7 24. Rd4 Rxd4 25. Nxd4 Qb4 26. Nc2 Qe7 27. Na3 Rd8 28. Re2 Qd7 29. Nc4 Nxc4 30. Bxc4 Qd4 31. Bb3 Ba6 32. Qxd4 Rxd4 33. Re1 Kf8 34. Rd1 Rxd1+ 35. Bxd1 Ke7 36. f3 Kd6 37. Kf2 Kc5 38. e5 Nd7 39. f4 Kd4 40. Ba4 Nc5 41. Be8 f6 42. exf6 gxf6 43. Nb5+ Bxb5 44. Bxb5 a6 45. Be2 b5 46. g4 b4 47. h4 a5 48. Kf3 Ne4 49. Ba6 e5 50. fxe5 Kxe5 51. Ke3 Nc5 52. Bb5 Ne4 1/2-1/2

[Event "Regionalliga NW 9798"]
[Site "Bayern"]
[Date "1998.??.??"]
[Round "?.5"]
[White "Ortlauf, Erwin"]
[Black "Wuttig, Michael"]
[Result "1/2-1/2"]
[WhiteElo "1965"]
[BlackElo "1980"]
[PlyCount "108"]
[EventDate "1997.10.??"]
[EventType "team-tourn"]
[EventRounds "9"]
[EventCountry "GER"]
[SourceTitle "EXT 2020"]
[Source "ChessBase"]
[SourceDate "2019.10.17"]
[SourceVersion "1"]
[SourceVersionDate "2019.10.17"]
[SourceQuality "1"]
[WhiteTeam "Bamberg SC III"]
[BlackTeam "Burgsinn"]
[WhiteTeamCountry "GER"]
[BlackTeamCountry "GER"]

1. d4 g6 2. c4 Bg7 3. Nc3 d6 4. e4 Nf6 5. f3 0-0 6. Be3 e5 7. d5 Nh5 8. Qd2 f5 9. exf5 gxf5 10. 0-0-0 f4 11. Bf2 Bf5 12. g4 fxg3 13. hxg3 Bg6 14. Ne4 Bxe4 15. Rxh5 Bg6 16. Rg5 Qf6 17. Be3 h6 18. Rg4 Qf5 19. Bd3 Qxd3 20. Qxd3 Bxd3 21. Rxd3 Kh7 22. Rd2 Nd7 23. Rh2 Rf6 24. Rgh4 Nf8 25. Kd2 a6 26. Ke2 b5 27. Nh3 Kg8 28. Nf2 Rg6 29. R2h3 Rb8 30. b3 bxc4 31. Rxc4 Rb5 32. Rxc7 Rxd5 33. Ng4 e4 34. Nxh6+ Bxh6 35. Bxh6 exf3+ 36. Kxf3 Ne6 37. Rc8+ Kf7 38. Be3 Ng5+ 39. Bxg5 Rdxg5 40. Rc6 a5 41. Rc4 Rd5 42. Rh7+ Ke6 43. Re4+ Kf6 44. g4 Rd3+ 45. Kf4 Rd2 46. Ra4 Rd5 47. Rh5 Rxh5 48. gxh5 Rg5 49. h6 Rh5 50. h7 Kg7 51. Rd4 Rh2 52. Rxd6 Rxa2 53. Rh6 Kh8 54. Rh3 Ra3 1/2-1/2

[Event "Landesliga Nord 9697"]
[Site "Bayern"]
[Date "1997.??.??"]
[Round "?"]
[White "Ortlauf, Erwin"]
[Black "Giessmann, Stephan"]
[Result "1/2-1/2"]
[WhiteElo "1960"]
[BlackElo "1774"]
[PlyCount "33"]
[EventDate "1996.10.??"]
[EventType "team-tourn"]
[EventRounds "9"]
[EventCountry "GER"]
[SourceTitle "EXT 2020"]
[Source "ChessBase"]
[SourceDate "2019.10.17"]
[SourceVersion "1"]
[SourceVersionDate "2019.10.17"]
[SourceQuality "1"]
[WhiteTeam "Bamberg SC II"]
[BlackTeam "Kelheim"]
[WhiteTeamCountry "GER"]
[BlackTeamCountry "GER"]

1. d4 d5 2. c4 e6 3. Nc3 Nf6 4. Bg5 Be7 5. e3 0-0 6. Nf3 Nbd7 7. Rc1 c6 8. Bd3 h6 9. Bh4 dxc4 10. Bxc4 b5 11. Bd3 a6 12. 0-0 c5 13. Ne5 Bb7 14. Nxd7 Qxd7 15. Bxf6 Bxf6 16. Ne4 Bxe4 17. Bxe4 1/2-1/2

[Event "Regionalliga NW 9697"]
[Site "Bayern"]
[Date "1997.??.??"]
[Round "?"]
[White "Ortlauf, Erwin"]
[Black "Lang, Stefan1111"]
[Result "1-0"]
[WhiteElo "1970"]
[BlackElo "2270"]
[PlyCount "83"]
[EventDate "1996.10.??"]
[EventType "team-tourn"]
[EventRounds "9"]
[EventCountry "GER"]
[SourceTitle "EXT 1999"]
[Source "ChessBase"]
[SourceDate "1998.11.16"]
[SourceVersion "1"]
[SourceVersionDate "1998.11.16"]
[SourceQuality "1"]
[WhiteTeam "Bamberg SC III"]
[BlackTeam "Bad Neustadt"]
[WhiteTeamCountry "GER"]
[BlackTeamCountry "GER"]

1. d4 Nf6 2. c4 c5 3. d5 b5 4. cxb5 a6 5. bxa6 Bxa6 6. g3 g6 7. b3 Bg7 8. Bb2 0-0 9. Bg2 d6 10. Nh3 Nbd7 11. 0-0 Qb6 12. Bc3 Qb7 13. Re1 Ra7 14. f4 Qa8 15. e4 Bb7 16. Qc2 Re8 17. Nd2 Nb6 18. Nf2 Nh5 19. Bxg7 Nxg7 20. Nd1 e6 21. dxe6 Nxe6 22. Nf3 Ng7 23. Nc3 Bc6 24. Re2 Rae7 25. Rd1 f5 26. Rxd6 fxe4 27. Ne5 Nf5 28. Nxc6 Nxd6 29. Nxe7+ Rxe7 30. Nxe4 Nxe4 31. Rxe4 Rxe4 32. Bxe4 Qa5 33. h4 Qe1+ 34. Kg2 Qb4 35. h5 Kg7 36. hxg6 hxg6 37. Bxg6 Nd5 38. Qd3 Nf6 39. Bf5 Qb7+ 40. Qf3 Qb4 41. Qe2 Qb7+ 42. Kh2 1-0

[Event "Regionalliga NW 9697"]
[Site "Bayern"]
[Date "1996.??.??"]
[Round "?"]
[White "Ortlauf, Erwin"]
[Black "Zoeller, Bernd"]
[Result "1/2-1/2"]
[WhiteElo "1970"]
[BlackElo "1950"]
[PlyCount "54"]
[EventDate "1996.10.??"]
[EventType "team-tourn"]
[EventRounds "9"]
[EventCountry "GER"]
[SourceTitle "EXT 1999"]
[Source "ChessBase"]
[SourceDate "1998.11.16"]
[SourceVersion "1"]
[SourceVersionDate "1998.11.16"]
[SourceQuality "1"]
[WhiteTeam "Bamberg SC III"]
[BlackTeam "Klingenberg"]
[WhiteTeamCountry "GER"]
[BlackTeamCountry "GER"]

1. d4 Nf6 2. c4 e6 3. Nc3 Bb4 4. f3 d5 5. a3 Bxc3+ 6. bxc3 c5 7. e3 0-0 8. Bd3 Qc7 9. cxd5 cxd4 10. Ne2 dxe3 11. dxe6 Bxe6 12. Bxe3 Nd5 13. Bd2 Nc6 14. Qc2 h6 15. f4 Bg4 16. 0-0 Bxe2 17. Bxe2 Nd4 18. Qd3 Nxe2+ 19. Qxe2 Rfe8 20. Qh5 Rad8 21. Qf3 Qc4 22. f5 Nf6 23. Bf4 b6 24. Kh1 Rd3 25. Qb7 Rd7 26. Qf3 Qe4 27. Qxe4 Rxe4 1/2-1/2